Culture générale - numéro 14 - Statistiques

Statistiques générales
  • Ce quiz a été pris 176 fois
    117 depuis la dernière actualisation
  • Le résultat moyen est 9 sur 15
Statistiques - réponses
Question Réponse % Correct
De quelle couleur est le billet de 200€? Jaune
84%
Qui fut la dernière reine de France? Marie-Antoinette
80%
Quel animal endémique de l'île Maurice s'est éteint au 17ème siècle? Le dodo
76%
Qui réside au 221B Baker Street, à Londres? Sherlock Holmes
74%
Comment se nomme la finale annuelle du championnat de football américain? Super Bowl
74%
Qui a fondé microsoft, en plus de Paul Allen? Bill Gates
69%
Quelle est la version plus petite des piles AA? AAA
67%
Quelle filiale a produit la Play Station? Sony
66%
À quel mouvement artistique appartenait Claude Monet? Impressionisme
60%
Comment se nomme le singe d'Aladdin? Abu
49%
Qui a chanté "Vidéo Games" et "Young and Beautiful"? Lana del Rey
45%
Quels types de films d'animation Tex Avery a crée dans les années 1940? Cartoons
37%
Que signifie le S dans GPS? System
37%
Que mesure un tensiomètre? Pression artérielle
35%
Quel est le seul pays à avoir un recto et un verso différent pour son drapeau national? Paraguay
9%
Aucun quiz correspondant
Distribution des résultats
% des personnes avec chaque résultat
Percentile par nombre de réponses
Votre historique - résultats
Vous n’avez pas pris ce quiz depuis la dernière actualisation